| 000 | 00418nam a2200157Ia 4500 | ||
|---|---|---|---|
| 008 | 230312s9999||||xx |||||||||||||| ||und|| | ||
| 020 | _a0-07235100-4 | ||
| 082 |
_a658.7 _bBOW-S |
||
| 100 | _aBowersox Donald , J. | ||
| 245 | 0 | _aSupply Chain Logistics Management | |
| 260 |
_bMcGraw Hill _aBoston _c2002 |
||
| 300 | _a656 | ||
| 546 | _aEng. | ||
| 650 |
_aManagement _vLean Logistics , Information networks |
||
| 942 | _cBK | ||
| 999 |
_c384 _d384 |
||